Regicides of Charles I - Statistics

General Stats
  • This quiz has been taken 15 times
  • The average score is 2 of 59
Answer Stats
Order Known For Regicide Retribution or Escape % Correct
3 Lord Protector;New Model Army Commander Oliver Cromwell Posthumous Execution & Beheading
100%
9 Lord Deputy of Ireland Henry Ireton Posthumous Execution & Beheading
33%
4 Major-General (Derb, Leics,Linc, Notts, Warks) Edward Whalley Fled to colonies
11%
45 Dragoon; MP; Councilor George Fleetwood Imprisonment
11%
31 Noted republican Henry Marten Life Imprisonment
11%
1 President of the Court John Bradshaw Posthumous Execution & Beheading
11%
6 Dragoon Colonel John Okey Hanged, Drawn and Quartered
11%
2 MP for Leicester;Commander of Midland forces Lord Grey of Groby Died before Restoration
11%
47 Brother of Leveler John Robert Lilburne Life Imprisonment
11%
14 Major-General (Berks,Sussex, Hamps) William Goffe Fled to colonies
11%
27 Cavalry commander Adrian Scrope Hanged, Drawn and Quartered
0%
49 Member of interim council ofthirteen Anthony Stapley Died before Restoration
0%
29 MP for Queenborough Augustine Garland Life Imprisonment
0%
24 MP for Reading Daniel Blagrave Fled to Aachen
0%
30 Commander-in-Chief ofIreland Edmund Ludlow Escaped to Switzerland
0%
44 Barrister; MP Gilbert Millington Life Imprisonment
0%
54 East India company merchant Gregory Clement Hanged, Drawn and Quartered
0%
19 MP for Leicestershire Henry Smith Life Imprisonment
0%
23 One of armed men attemptingto arrest the 5 'birds' Humphrey Edwards Died before Restoration
0%
37 Had custody of King at HurstCastle Isaac Ewer Died before Restoration
0%
28 Cavalry commander James Temple Life Imprisonment
0%
46 Colonel John Alured Died before Restoration
0%
36 Infantry commander John Barkstead Executed
0%
12 MP, Mayor of Newcastle John Blakiston Died before Restoration
0%
58 Fifth Monarchist; Republican John Carew Hanged, Drawn Quartered
0%
38 Governor of Dover Castle John Dixwell Fled to colonies
0%
55 Received grants in Ireland John Downes Life Imprisonment
0%
18 Governor of Dublin John Hewson Fled to Netherlands
0%
13 Governor of Nottingham John Hutchinson Pardoned
0%
42 Welsh; republican John Jones Maesygarnedd Hanged, Drawn and Quartered
0%
43 Liverpool MP; Colonel John Moore Died before Restoration
0%
53 Governor of Windsor Castle John Venn Died before Restoration
0%
59 Granted Malahide Castle Miles Corbet Hanged, Drawn, Quartered
0%
25 Founding of Massachusetts;Deputy-Governor of Bermuda Owen Rowe Died awaiting execution
0%
16 MP, Captain of Horse Peter Temple Life Imprisonment
0%
21 Artillery Commander;General-at-Sea Richard Deane Disinterred, buried in communal pit
0%
40 MP for Aylesbury Simon Mayne Died in the Tower
0%
50 Radical Independent;disinherited son Sir Gregory Norton Died before Restoration
0%
11 Defected to New Model Sir Hardress Waller Life Imprisonment
0%
8 MP for Ripon Sir John Bourchier Too ill for trial and died
0%
7 Member of Parliament Sir John Danvers Died before Restoration
0%
5 Cavalry Colonel;MP for Queenborough Sir Michael Livesey Fled to Netherlands
0%
20 Barred King's entry to Hull Sir Peregrine Pelham Died before Restoration
0%
34 Helped Monck restore Crown Sir Richard Ingoldsby Pardoned
0%
22 Lord Mayor of London Sir Robert Tichborne Life Imprisonment
0%
10 MP for Boroughbridge Sir Thomas Mauleverer Died before Restoration
0%
33 Infantry commander Sir William Constable Exhumed, buried in communal pit
0%
51 Brother of a commissionerwho did not sign the warrant Thomas Chaloner Escaped to Continent
0%
17 First regicide found guilty Thomas Harrison Hanged, Drawn and Quartered
0%
41 Colonel of Horse Thomas Horton Died before Restoration
0%
15 Colonel, Purged Parliament Thomas Pride Posthumous execution not carried out
0%
57 Vocal opponent of the Protectorate; Republican Thomas Scot Hanged, Drawn, Quartered
0%
56 Colonel; Sheriff of Rutland Thomas Waite Life Imprisonment
0%
52 Plotted overthrow of crown Thomas Wogan Escaped to Netherlands
0%
39 Colonel; MP Valentine Walton Escaped to Germany
0%
32 Cavalry commander Vincent Potter Died in the Tower
0%
35 Council of State member William Cawley Escaped to Switzerland
0%
26 Council of State member William Purefoy Died before Restoration
0%
48 MP for Camelford William Say Escaped to Switzerland
0%
No matching quizzes found
Score Distribution
Percent of People with Each Score
Percentile by Number Answered
Your Score History
You have not taken this quiz